|
|
|
|
| LEADER |
00000nab a2200000 a 4500 |
| 001 |
vtls008936143 |
| 003 |
SK-MaSNL |
| 005 |
20260304134648.0 |
| 008 |
250505c2006 xo |||||||||||000 b|slo |
| 015 |
|
|
|a SNBRB2007/01
|2 snkbucl
|
| 035 |
|
|
|a (uuid)175165d7-f2c7-4d1f-a8b3-1109da00195d
|
| 035 |
|
|
|a urn:nbn:sk:snk-abz6l
|
| 035 |
|
|
|a (urnnbn)urn:nbn:sk:snk:ar-a05chq
|
| 038 |
|
|
|a SNKBUCL
|
| 040 |
|
|
|a SNKBUCL
|b slo
|c SNKBUCL
|e AACR2
|
| 041 |
0 |
|
|a slo
|
| 044 |
|
|
|a xo
|c SK
|
| 080 |
|
|
|a 004.4'277.057.7
|2 1997
|
| 080 |
|
|
|a 681.84.081
|2 1997
|
| 100 |
1 |
|
|a Reiter, Michal
|4 aut
|9 758687
|
| 245 |
1 |
0 |
|a Zvukové emulácie a priestorové efekty
|c Michal Reiter
|
| 300 |
|
|
|b Sch.
|
| 650 |
0 |
7 |
|a zvukové emulácie
|2 snkbucl
|9 1452898
|
| 650 |
0 |
7 |
|a zvukové efekty
|2 snkbucl
|9 97591
|
| 650 |
0 |
7 |
|a prehrávače
|2 snkbucl
|9 98827
|
| 650 |
0 |
7 |
|a audiotechnika
|2 snkbucl
|9 14246
|
| 773 |
0 |
|
|t PC revue
|g Roč. XIV, č. 10 (2006), s. 124-125
|x 1335-0226
|
| 850 |
|
|
|a Slovenská národná knižnica
|
| 852 |
|
|
|a Slovenská národná knižnica
|
| 954 |
|
|
|a odborná, vedecká literatúra pôvodná (slovenská)
|2 lita
|
| 958 |
|
|
|a article27
|
| 958 |
|
|
|a OND
|
| 958 |
|
|
|a EUIPO
|
| 999 |
|
|
|c 2907608
|d 2909538
|